000 00634nam a2200241Ia 4500
003 OSt
005 20220928103440.0
006 a|||||r|||| 00| 0
007 ta
008 220927b |||||||| |||| 00| 0 eng d
020 _cINR 799.00
024 _a137843
037 _b112, 15/03/2018, Eastern Media
_cTextual
040 _aSDCL
_cSDCL
_beng
041 _2eng
_aeng
082 _an1,N5y, Q7 LR
245 0 _aGuinness world records 2017
260 _c2017
300 _a215p.
_ccm.
650 _aReference
942 _hn1,N5y, Q7 LR
_cTEXL
_2CC
999 _c719853
_d719853